<?xml version="1.0" encoding="UTF-8"?>
<record
    xmlns:xsi="http://www.w3.org/2001/XMLSchema-instance"
    xsi:schemaLocation="http://www.loc.gov/MARC21/slim http://www.loc.gov/standards/marcxml/schema/MARC21slim.xsd"
    xmlns="http://www.loc.gov/MARC21/slim">

  <leader>02206njm a2200361Ia 4500</leader>
  <controlfield tag="001">23803</controlfield>
  <controlfield tag="003">IT-RoPAU</controlfield>
  <controlfield tag="005">20220918181201.0</controlfield>
  <controlfield tag="008">131025s9999    xx            000 0 und d</controlfield>
  <datafield tag="040" ind1=" " ind2=" ">
    <subfield code="a">IT-RoPAU</subfield>
  </datafield>
  <datafield tag="040" ind1=" " ind2=" ">
    <subfield code="c">IT-RoPAU</subfield>
  </datafield>
  <datafield tag="041" ind1=" " ind2=" ">
    <subfield code="a">ITALIANO</subfield>
  </datafield>
  <datafield tag="999" ind1=" " ind2=" ">
    <subfield code="c">103004</subfield>
    <subfield code="d">103004</subfield>
  </datafield>
  <datafield tag="999" ind1=" " ind2=" ">
    <subfield code="b">n.d.</subfield>
  </datafield>
  <datafield tag="100" ind1=" " ind2=" ">
    <subfield code="a">AA.VV.</subfield>
    <subfield code="9">794</subfield>
  </datafield>
  <datafield tag="100" ind1=" " ind2=" ">
    <subfield code="e">Autore musica</subfield>
    <subfield code="9">6012</subfield>
  </datafield>
  <datafield tag="100" ind1=" " ind2=" ">
    <subfield code="g">Codice autore musica SPICS: 12000</subfield>
    <subfield code="9">796</subfield>
  </datafield>
  <datafield tag="245" ind1=" " ind2=" ">
    <subfield code="a">Operette allo specchio (Lp Vpas 929)</subfield>
  </datafield>
  <datafield tag="250" ind1=" " ind2=" ">
    <subfield code="a">1a ed.</subfield>
  </datafield>
  <datafield tag="260" ind1=" " ind2=" ">
    <subfield code="a">MILANO</subfield>
  </datafield>
  <datafield tag="260" ind1=" " ind2=" ">
    <subfield code="b">VEDETTE RECORDS</subfield>
    <subfield code="c">1974 [1a Ed.:1974]</subfield>
  </datafield>
  <datafield tag="300" ind1=" " ind2=" ">
    <subfield code="a">DISCO</subfield>
  </datafield>
  <datafield tag="500" ind1=" " ind2=" ">
    <subfield code="a">Musica operistica. Musica classica. Operette</subfield>
  </datafield>
  <datafield tag="505" ind1=" " ind2=" ">
    <subfield code="a">Al cavallino bianco: occhioni blu (Stolz) - La Vedova allegra: romanza di Vilja (Lehar) - La Principessa della Czarda: spesso il cuore s'innamora - Salom&#xE8;: abat-jour (Stolz) - Il Paese dei campanelli: i fox della luna - Vittoria e il suo ussaro: pardon, madame - La Danza delle libellule: il dox delle gigolettes - Paganini: se la bocca vuol baciare (Lehar) - Cin-cill&#xE0; (Ranzato) - L'acqua cheta: ti dir&#xF2; parole (Pietri) - Il Paese del sorriso: Tu che m'hai preso il cuor</subfield>
  </datafield>
  <datafield tag="511" ind1=" " ind2=" ">
    <subfield code="a">Direttore d'orchestra: Anselmo Francesco</subfield>
  </datafield>
  <datafield tag="650" ind1=" " ind2=" ">
    <subfield code="a">OPERETTE [DISCHI]</subfield>
    <subfield code="e">Codice MATERIA SPICS: 9950</subfield>
    <subfield code="9">6013</subfield>
  </datafield>
  <datafield tag="700" ind1=" " ind2=" ">
    <subfield code="a">Stolz Robert</subfield>
    <subfield code="d">Codice autore musica SPICS: 13453</subfield>
    <subfield code="e">Autore musica</subfield>
    <subfield code="p">Al cavallino bianco: occhioni blu - Salom&#xE8;': abat-jour</subfield>
    <subfield code="9">6014</subfield>
  </datafield>
  <datafield tag="700" ind1=" " ind2=" ">
    <subfield code="a">Lehar Franz</subfield>
    <subfield code="d">Codice autore musica SPICS: 1257</subfield>
    <subfield code="e">Autore musica</subfield>
    <subfield code="p">La Vedova allegra: romanza di Vilja - La Danza delle libellule: il dox delle gigolettes - Paganini: se la bocca vuol baciare - Il Paese del sorriso: Tu che m'hai preso il cuor</subfield>
    <subfield code="9">6015</subfield>
  </datafield>
  <datafield tag="700" ind1=" " ind2=" ">
    <subfield code="a">Kahlman Emmerich</subfield>
    <subfield code="d">Codice autore musica SPICS: 13820</subfield>
    <subfield code="e">Autore musica</subfield>
    <subfield code="p">La Principessa della Czarda: spesso il cuore s'innamora</subfield>
    <subfield code="9">6016</subfield>
  </datafield>
  <datafield tag="700" ind1=" " ind2=" ">
    <subfield code="a">Ranzato Virgilio</subfield>
    <subfield code="d">Codice autore musica SPICS: 1148</subfield>
    <subfield code="e">Autore musica</subfield>
    <subfield code="p">Il Paese dei campanelli: i fox della luna - Cin-cill&#xE0;</subfield>
    <subfield code="9">6017</subfield>
  </datafield>
  <datafield tag="700" ind1=" " ind2=" ">
    <subfield code="a">Abraham Paul</subfield>
    <subfield code="d">Codice autore musica SPICS: 13821</subfield>
    <subfield code="e">Autore musica</subfield>
    <subfield code="p">Vittoria e il suo ussaro: pardon, madame</subfield>
    <subfield code="9">6018</subfield>
  </datafield>
  <datafield tag="700" ind1=" " ind2=" ">
    <subfield code="a">Pietri Giuseppe</subfield>
    <subfield code="d">Codice autore musica SPICS: 1135</subfield>
    <subfield code="e">Autore musica</subfield>
    <subfield code="p">L'acqua cheta: ti dir&#xF2; parole </subfield>
    <subfield code="9">6019</subfield>
  </datafield>
  <datafield tag="942" ind1=" " ind2=" ">
    <subfield code="c">MD</subfield>
    <subfield code="2">ddc</subfield>
  </datafield>
  <datafield tag="952" ind1=" " ind2=" ">
    <subfield code="0">0</subfield>
    <subfield code="1">0</subfield>
    <subfield code="4">0</subfield>
    <subfield code="6">23803_000000000000000</subfield>
    <subfield code="7">1</subfield>
    <subfield code="a">SPICS</subfield>
    <subfield code="b">SPICS</subfield>
    <subfield code="d">2013-10-25</subfield>
    <subfield code="l">0</subfield>
    <subfield code="o">23803</subfield>
    <subfield code="r">2013-10-25 00:00:00</subfield>
    <subfield code="w">2013-10-25</subfield>
    <subfield code="y">MD</subfield>
    <subfield code="z">Progr. Ins.: 4650 / N.Vol.: 1 / Copie: 1 - Copia rara: n.d. / date import: 01.01.2014 - By Epidotti, Trombetti, Vaglietti</subfield>
  </datafield>
</record>
